<?xml version="1.0" encoding="UTF-8"?>
<marc:record xmlns:marc="http://www.loc.gov/MARC21/slim">
   <marc:leader>00000nam a2200000 a 4500</marc:leader>
   <marc:datafield ind1=" " ind2=" " tag="653">
      <marc:subfield code="a">Kochbuch</marc:subfield>
   </marc:datafield>
   <marc:datafield ind1=" " ind2=" " tag="653">
      <marc:subfield code="a">Rezept</marc:subfield>
   </marc:datafield>
   <marc:datafield ind1=" " ind2=" " tag="653">
      <marc:subfield code="a">Kochen</marc:subfield>
   </marc:datafield>
   <marc:datafield ind1="0" ind2="0" tag="245">
      <marc:subfield code="a">Happy Food</marc:subfield>
   </marc:datafield>
   <marc:datafield ind1="0" ind2="0" tag="245">
      <marc:subfield code="b">Gute Laune Gerichte</marc:subfield>
   </marc:datafield>
   <marc:datafield ind1=" " ind2="1" tag="264">
      <marc:subfield code="b">Obus Verlag AG</marc:subfield>
      <marc:subfield code="c">2014</marc:subfield>
   </marc:datafield>
   <marc:datafield ind1="1" ind2=" " tag="520">
      <marc:subfield code="a">Klappentext: Essen macht glücklich! Dass Nahrungsmittel die Stimmung heben können, ist wissenschaftlich erwiesen. So können Sie sich täglich etwas Gutes tun: Ob Stresskiller Schokolade, lustig dekorierte Smiley-Snacks, leckere Vitalstoffbomben, Power-Food mit Gute-Laune-Faktor, gesunde Wellness- Snacks oder schnelle Gerichte für den Feierabend-Chillout - diese Rezeptideen zaubern sicher auch ein Lächeln auf die Gesichter Ihrer Lieben. Zudem können für den schnellen Einkauf sämtliche Einkaufslisten zu allen Rezepten via QR-Code aufs Handy geladen werden.</marc:subfield>
   </marc:datafield>
   <marc:datafield ind1=" " ind2=" " tag="020">
      <marc:subfield code="a">9783037934968</marc:subfield>
      <marc:subfield code="9">9783037934968</marc:subfield>
   </marc:datafield>
</marc:record>
